Human anatomy / (رقم التسجيلة. 22387)

تفاصيل مارك
000 -الفاتح
حقل البيانات ثابتة الطول 01442cam a2200397 a 4500
001 - رقم الضبط
رقم الضبط 16264298
003 - محدد رقم الضبط
رقم الضبط OSt
005 - وقت وتاريخ اخر تعامل مع التسجيلة
رقم الضبط 20150408114026.0
008 - عناصر البيانات ثابتة الطول - معلومات عامة
حقل البيانات ثابتة الطول 100601s2012 mauao 001 0 eng
010 ## - رقم ضبط مكتبة الكونجرس
رقم ضبط مكتبة الكونجرس 2010022870
016 7# - رقم ضبط الوكاله الوطنية للضبط الببليوجرافي
رقم ضبط التسجيلة 101532226
المصدر DNLM
020 ## - الرقم الدولى المعيارى للكتب
الرقم الدولى المعيارى للكتاب 9780321732668
020 ## - الرقم الدولى المعيارى للكتب
الرقم الدولى المعيارى للكتاب 0321688155 (student ed.)
020 ## - الرقم الدولى المعيارى للكتب
الرقم الدولى المعيارى للكتاب 9780321730640 (exam copy)
020 ## - الرقم الدولى المعيارى للكتب
الرقم الدولى المعيارى للكتاب 032173064X (exam copy)
035 ## - رقم ضبط النظام
رقم ضبط النظام (OCoLC)ocn636894827
040 ## - مصدر الفهرسة
وكالة الفهرسة الأصلية DNLM/DLC
وكالة النسخ DLC
وكالة التعديل YDX
-- NLM
-- YDXCP
-- CDX
-- DLC
042 ## - رمز التحقق
رمز التحقق pcc
050 00 - رقم طلب مكتبة الكونجرس
رقم التصنيف QM23.2
رقم المادة .M356 2012
060 10 - رقم الطلب بالمكتبة الطبية الوطنية
رقم التصنيف QS 17
رقم المادة M386h 2012
082 00 - رقم تصنيف ديوى العشرى
رقم التصنيف 612
رقم الطبعة 22
100 1# - المدخل الرئيسى - إسم شخصى
الإسم الشخصى Martini, Frederic.
245 10 - بيان العنوان
العنوان Human anatomy /
بيان المسئوليه,etc Frederic H. Martini, Michael J. Timmons, Robert B. Tallitsch ; with William C. Ober, art coordinator and illustrator ; Claire W. Garrison, iIllustrator ; Kathleen Welch, clinical consultant ; Ralph T. Hutchings, biomedical photographer.
250 ## - بيان الطبعة
بيان الطبعة 7th ed.
260 ## - PUBLICATION, DISTRIBUTION, ETC. (IMPRINT)
مكان الناشر او الموزع Boston :
اسم الناشر او الموزع Pearson Benjamin Cummings,
تاريخ النشر أو التوزيع c2012.
300 ## - الوصف المادى
التعداد xxxiv, 870 p. :
تفاصيل ماديه اخرى للوعاء ill. (mostly col.) ;
أبعاد الوعاء 32 cm.
500 ## - تبصرة عامة
تبصرة عامة Includes index.
504 ## - تبصرة ببليوجرافية
تبصرة ببليوجرافية,الخ Includes bibliographical references and index.
650 #0 - المدخل الاضافى بالموضوع-مصطلح موضوعى
مصطلح موضوعي أو اسم جغرافي كعنصر مدخل Human anatomy.
650 #0 - المدخل الاضافى بالموضوع-مصطلح موضوعى
مصطلح موضوعي أو اسم جغرافي كعنصر مدخل Human anatomy
التقسيم الفرعي الشكلي Atlases.
9 (RLIN) 10617
650 12 - المدخل الاضافى بالموضوع-مصطلح موضوعى
مصطلح موضوعي أو اسم جغرافي كعنصر مدخل Anatomy
التقسيم الفرعي الشكلي Atlases.
700 1# - المدخل الاضافى - اسم شخصى
الإسم الشخصى Timmons, Michael J.
9 (RLIN) 11626
700 1# - المدخل الاضافى - اسم شخصى
الإسم الشخصى Tallitsch, Robert B.
9 (RLIN) 11627
942 ## - عناصر المدخل الإضافي( كوها)
مصدر التصنيف او مخطط الترفيف Dewey Decimal Classification
Koha [default] item type كتاب
المقتنيات
حالة الفقد نموذج السعر الفعال حالة تلف ليس للاعارة رقم الطلب تاريخ الاكتساب الموقع الحالي الباركود الفرع الرئيسي Date last seen نوع المادة فى نظام كوها مصدر التصنيف او خطة الترفيف Total Checkouts Total Renewals Date last checked out
  2013-03-10     612 M F H 2012-04-20 مكتبة كلية العلوم الطبية التطبيقية بالمجمعة - طالبات (AMF) 00084384 مكتبة كلية العلوم الطبية التطبيقية بالمجمعة - طالبات (AMF) 2013-03-10 كتاب Dewey Decimal Classification      
  2013-03-10     612 M F H 2012-04-20 مكتبة مجمع الطالبات بالمجمعة (EMF) 00084385 مكتبة كلية العلوم الطبية التطبيقية بالمجمعة - طالبات (AMF) 2023-06-15 كتاب Dewey Decimal Classification 1 1 2023-01-11